FIFA Golden Boy Award Winners - Statistics

General Stats
  • This quiz has been taken 1,210 times
  • The average score is 6 of 11
Answer Stats
Year Country Player % Correct
2005 Argentina Lionel Messi
93%
2004 England Wayne Rooney
74%
2013 France Paul Pogba
72%
2007 Argentina Sergio Agüero
61%
2011 Germany Mario Götze
58%
2010 Italy Mario Balotelli
53%
2012 Spain Isco
41%
2006 Spain Cesc Fábregas
37%
2009 Brazil Alexandre Pato
31%
2003 Netherlands Rafael Van Der Vaart
30%
2008 Brazil Anderson
20%
No matching quizzes found
Score Distribution
Percent of People with Each Score
Percentile by Number Answered
Your Score History
You have not taken this quiz